La Confrérie des Pénitents Blancs du Puy
| Contributors: | ; |
|---|---|
| Format: | Print Book |
| Language: | French |
| Subito Delivery Service: | Order now. |
| Check availability: | HBZ Gateway |
| WorldCat: | WorldCat |
| Interlibrary Loan: | Interlibrary Loan for the Fachinformationsdienste (Specialized Information Services in Germany) |
| Published: |
Paris
Maisonneuve & Larose
1978
|
| In: |
Archives d'ethnologie française (6)
Year: 1978 |
| Series/Journal: | Archives d'ethnologie française
6 |
| Further subjects: | B
Monasticism
B Brotherhood |
MARC
| LEADER | 00000cam a22000002c 4500 | ||
|---|---|---|---|
| 001 | 1138780472 | ||
| 003 | DE-627 | ||
| 005 | 20240502194657.0 | ||
| 007 | tu | ||
| 008 | 980925s1978 xx ||||| 00| ||fre c | ||
| 020 | |a 2706806656 |9 2-7068-0665-6 | ||
| 035 | |a (DE-627)1138780472 | ||
| 035 | |a (DE-576)068780478 | ||
| 035 | |a (DE-599)BSZ068780478 | ||
| 035 | |a (OCoLC)05521546 | ||
| 040 | |a DE-627 |b ger |c DE-627 |e rakwb | ||
| 041 | |a fre | ||
| 084 | |a 1 |2 ssgn | ||
| 245 | 0 | 3 | |a La Confrérie des Pénitents Blancs du Puy |c documents recueillis par Gisèle Michelin, présentés et analysés par Martine Segalen |
| 264 | 1 | |a Paris |b Maisonneuve & Larose |c 1978 | |
| 300 | |a 108 S. | ||
| 336 | |a Text |b txt |2 rdacontent | ||
| 337 | |a ohne Hilfsmittel zu benutzen |b n |2 rdamedia | ||
| 338 | |a Band |b nc |2 rdacarrier | ||
| 490 | 1 | |a Archives d'ethnologie française |v 6 | |
| 583 | 1 | |a Archivierung prüfen |c 20200919 |f DE-640 |z 1 |2 pdager | |
| 583 | 1 | |a Archivierung/Langzeitarchivierung gewährleistet |f SSG |x XA-DE-BW |2 pdager |5 DE-21 | |
| 650 | 0 | 7 | |0 (DE-588)4074927-7 |0 (DE-627)106087940 |0 (DE-576)209195762 |a Mönchtum |2 gnd |
| 650 | 0 | 7 | |0 (DE-588)4130300-3 |0 (DE-627)104819561 |0 (DE-576)209617810 |a Bruderschaft |2 gnd |
| 700 | 1 | |a Michelin, Gisèle |4 oth | |
| 700 | 1 | |0 (DE-588)1057612278 |0 (DE-627)796096538 |0 (DE-576)163027706 |4 oth |a Segalen, Martine |d 1940-2021 | |
| 830 | 0 | |a Archives d'ethnologie française |v 6 |9 6 |w (DE-627)1138780375 |w (DE-576)068780370 |7 am | |
| 935 | |a mteo | ||
| 951 | |a BO | ||
| ELC | |b 1 | ||
| ITA | |a 1 |t 1 | ||
| LOK | |0 000 xxxxxcx a22 zn 4500 | ||
| LOK | |0 001 2335048376 | ||
| LOK | |0 003 DE-627 | ||
| LOK | |0 004 1138780472 | ||
| LOK | |0 005 20091217120835 | ||
| LOK | |0 008 980925||||||||||||||||ger||||||| | ||
| LOK | |0 040 |a DE-21 |c DE-627 |d DE-21 | ||
| LOK | |0 852 |a DE-21 | ||
| LOK | |0 852 1 |c 19 A 14766 |9 00 | ||
| LOK | |0 935 |a kram |a konv |a theo |a sepp | ||
| LOK | |0 939 |a 25-09-98 |b l01 | ||
| ORI | |a SA-MARC-ixtheoa001.raw | ||
| STA | 0 | 0 | |a Brotherhood,Lay Brotherhood,Confraternity,Protestant monasticism and religious orders,Monasticism,Monasticism |
| STB | 0 | 0 | |a Confrérie,Monachisme,Monachisme,Ordres monastiques et religieux |
| STC | 0 | 0 | |a Hermandad,Monaquismo,Monaquismo |
| STD | 0 | 0 | |a Confraternita,Monachesimo,Monachesimo |
| STE | 0 | 0 | |a 修行制度,修行制度,修道院生活,修道院制度,修道院生活,修道院制度,兄弟会 |
| STF | 0 | 0 | |a 修行制度,修行制度,修道院生活,修道院制度,修道院生活,修道院制度,兄弟會 |
| STG | 0 | 0 | |a Fraternidade,Monaquismo,Monaquismo |
| STH | 0 | 0 | |a Братство,Монашество (мотив),Монашество |
| STI | 0 | 0 | |a Αδελφότητα,Μοναχισμός (μοτίβο),Μοναχισμός |
| SYE | 0 | 0 | |a Mönchstum , Confraternitas,Laienbruderschaft,Bruderschaften,Confraternità |